000
00280nam a22001097a 4500
040
_c
SCME
100
_a
E.Totten. George ,Liang Hong
_9
113237
245
_a
Surface modification and mechanisms
260
_a
Marcel dekker ,INC
_b
NewYork
_c
2004
300
_a
744p.
942
_2
ddc
_c
BK
999
_c
594988
_d
594988